| 000 | 00473nam a2200181 a 4500 | ||
|---|---|---|---|
| 001 | 1850 | ||
| 005 | 20140414132020.0 | ||
| 008 | 010424s19uu xx 00 eng d | ||
| 020 | _a0-590-44385-2 | ||
| 050 |
_aTR _bH29 1984 |
||
| 100 | _aTafuri, Nancy | ||
| 245 |
_aHave you seen my duckling? / _cNancy Tafuri. |
||
| 260 |
_aNew York : _bScholastic, _c1984. |
||
| 300 | _a1 v. p. ; cm. | ||
| 650 | _aDucks - Stories. | ||
| 650 | _aChildren's stories. | ||
| 999 |
_c113455 _d113455 |
||